header

Java programming for the absolute beginner (Record no. 48639)

MARC details
000 -LEADER
fixed length control field 01215nam a22003134a 4500
082 04 - DEWEY DECIMAL CLASSIFICATION NUMBER
Classification number 005.13/3
100 1# - MAIN ENTRY--AUTHOR NAME
Personal name Russell, Joseph P.
245 10 - TITLE STATEMENT
Title Java programming for the absolute beginner
260 ## - PUBLICATION, DISTRIBUTION, ETC. (IMPRINT)
Place of publication Roseville, Calif. :
Name of publisher Prima Tech,
Year of publication c2001.
300 ## - PHYSICAL DESCRIPTION
Number of Pages xxii, 503 p. :
Other physical details ill.
490 1# - SERIES STATEMENT
Series statement For the absolute beginner (Series)
500 ## - GENERAL NOTE
General note Includes index.
650 #0 - SUBJECT ADDED ENTRY--TOPICAL TERM
Topical Term Java (Computer program language)
856 40 - ELECTRONIC LOCATION AND ACCESS
Uniform Resource Identifier http://site.ebrary.com/lib/rucke/Doc?id=10066546

No items available.

© 2026 Rongo University
Contact us: librarian | system librarian | Rongo university